Les meilleurs buteurs de chaque nation africaine - Statistiques

Statistiques générales
  • Ce quiz a été pris 34 fois
  • Le résultat moyen est 6 sur 54
Statistiques - réponses
Pays Buts Nom % Correct
Côte d'Ivoire 66 Didier Drogba
90%
Cameroun 56 Samuel Eto'o
87%
Algérie 46 Islam Slimani
71%
Sénégal 46 Sadio Mané
71%
Gabon 35 Pierre-Emerick Aubameyang
65%
Libéria 18 George Weah
55%
Ghana 51 Asamoah Gyan
35%
Niger 17 Victorien Adebayor
35%
Mauritanie 8 Aboubakar Kamara
13%
Afrique du Sud 31 Benedict McCarthy
10%
Mali 25 Seydou Keita
10%
Kenya 34 Dennis Oliech
6%
République Démocratique du Congo 22 Dieumerci Mbokani
6%
Guinée 33 Ibrahima Kandia Diallo
6%
Tunisie 36 Issam Jemâa
6%
Nigeria 37 Rashidi Yekini
6%
Guinée Equatoriale 22 Emilio Nsue
3%
Egypte 68 Hossam Hassan
3%
Sierra Leone 8 Mohamed Kallon
3%
Bénin 24 Stéphane Sessègnon
3%
Congo 16 Thievy Bifouma
3%
Djibouti 9 Aden Elmi
0%
Maroc 36 Ahmed Faras
0%
Libye 35 Ali Al-Biski
0%
Gambie 13 Assan Ceesay
0%
Erythrée 5 Berhane Aregai
0%
Guinée-Bissau 6 Cícero Semedo
0%
Maurice 17 Dany Imbert
0%
Comores 19 El Fardou Ben Nabouhane
0%
Ouganda 23 Emmanuel Okwi
0%
Tchad 14 Ézéchiel Ndouassel
0%
Angola 39 Fabrice Akwa
0%
Eswatini 18 Felix Badenhorst
0%
Burundi 19 Fiston Abdul Razak
0%
Ethiopie 33 Getaneh Kebede
0%
Zambie 79 Godfrey Chitalu
0%
Botswana 24 Jerome Ramatlhakwane
0%
Malawi 71 Kinnah Phiri
0%
République centrafricaine 15 Louis Mafouta
0%
Sao Tomé-et-Principe 8 Luís Leal
0%
Togo 54 Mohamed Kader
0%
Burkina Faso 34 Moumouni Dagano
0%
Tanzanie 25 Mrisho Ngasa
0%
Soudan 27 Nasr El-Deen Abbas
0%
Rwanda 21 Olivier Karekezi
0%
Madagascar 15 Paulin Voavy
0%
Zimbabwe 37 Peter Ndlovu
0%
Namibie 16 Peter Shalulile
0%
Seychelles 12 Philip Zialor
0%
Somalie 3 Raphaël Junior
0%
Cap Vert 21 Ryan Mendes
0%
Lesotho 10 Sera Motebang
0%
Mozambique 30 Tico-Tico
0%
Soudan du Sud 6 Tito Okello
0%
Aucun quiz correspondant
Distribution des résultats
% des personnes avec chaque résultat
Percentile par nombre de réponses
Votre historique - résultats
Vous n’avez pas pris ce quiz